Dve faunistické pozorovania z Oravy

Bibliographic Details
Main Author: Májsky, Jozef, 1954- (Author)
Format: Article
Language:Slovak
ISSN:1335-1737
Subjects:

MARC

LEADER 00000nab a2200000 a 4500
001 vtls000712356
003 SK-MaSNL
005 20260303235741.0
008 140328c1999 xo 0 slo
015 |a SNBRB2000/02-05462 
035 |a CLN000064523 
040 |a SNKBUCL  |b slo  |c SNKBUCL  |e AACR2 
041 0 |a slo 
044 |a xo  |c SK 
080 |a 599.323.4(437.6)  |2 1997 
080 |a 599.742.4(437.6)  |2 1997 
100 1 |a Májsky, Jozef,  |d 1954-  |4 aut  |9 175536 
245 1 0 |a Dve faunistické pozorovania z Oravy  |c Jozef Májsky 
650 0 7 |a lasica hranostaj  |2 snkbucl  |9 206184 
650 0 7 |a myšovka horská  |2 snkbucl  |9 1274673 
651 7 |a Orava (Slovensko : región)  |2 snkbucl  |9 116635 
655 7 |a články z novín a časopisov  |2 snkbucl  |9 267496 
773 0 |t Chránené územia Slovenska  |g Č. 42 (1999), s. 15  |x 1335-1737 
850 |a Slovenská národná knižnica v Martine 
852 |a SNK  |b KIS3GCP 
958 |a SK 
992 |a RBX 
999 |c 2527621  |d 2529551